[Event "Kolomna-ch 62nd"]
[Site "Kolomna"]
[Date "2012.01.29"]
[Round "5"]
[White "Matrosov, Vladimir2222"]
[Black "Borgovich, Anton"]
[Result "0-1"]
[WhiteElo "2021"]
[BlackElo "2063"]
[PlyCount "80"]
[EventDate "2012.01.14"]
[EventType "tourn"]
[EventRounds "11"]
[EventCountry "RUS"]
[SourceTitle "EXT 2013"]
[Source "ChessBase"]
[SourceDate "2012.11.22"]
[SourceVersion "1"]
[SourceVersionDate "2012.11.22"]
[SourceQuality "1"]

1. d4 d5 2. c4 c6 3. cxd5 cxd5 4. Nc3 Nf6 5. g3 e6 6. Bg2 Bb4 7. Bd2 Nc6 8. Nf3 0-0 9. 0-0 h6 10. a3 Bxc3 11. Bxc3 Ne4 12. Rc1 Bd7 13. b4 a6 14. Bb2 Nd6 15. Nd2 Qb6 16. Rc5 a5 17. b5 Ne7 18. a4 f5 19. Ba3 Rfc8 20. Nf3 Ng6 21. Nd2 Kh7 22. h4 Be8 23. e3 Qd8 24. Qf3 b6 25. Rxc8 Rxc8 26. h5 Nh8 27. Qf4 Nc4 28. Nxc4 Rxc4 29. g4 fxg4 30. Qxg4 Rxa4 31. Bc1 Bxb5 32. Qxe6 Bc4 33. Qf5+ Kg8 34. Qe6+ Nf7 35. Re1 Bb3 36. Bb2 Ra2 37. Re2 Qf6 38. Qe8+ Kh7 39. e4 Nd6 40. Qd7 Nxe4 0-1

[Event "Kolomna-ch"]
[Site "Kolomna"]
[Date "2010.02.07"]
[Round "9"]
[White "Nikitin, Victor Alekseevich"]
[Black "Borgovich, Anton"]
[Result "1-0"]
[WhiteElo "2042"]
[BlackElo "2058"]
[PlyCount "52"]
[EventDate "2010.01.10"]
[EventType "tourn"]
[EventRounds "13"]
[EventCountry "RUS"]
[SourceTitle "EXT 2011"]
[Source "ChessBase"]
[SourceDate "2010.11.26"]
[SourceVersion "1"]
[SourceVersionDate "2010.11.26"]
[SourceQuality "1"]

1. f4 Nf6 2. Nf3 d5 3. d3 Bf5 4. g3 e6 5. Bg2 Bd6 6. b3 Nbd7 7. e3 c6 8. 0-0 Bg6 9. Bb2 0-0 10. Nbd2 Qb6 11. Re1 Rfe8 12. d4 Rac8 13. Nh4 Bh5 14. Bf3 Bxf3 15. Nhxf3 Ne4 16. Nxe4 dxe4 17. Ng5 f5 18. Qh5 Nf6 19. Qe2 h6 20. Nh3 c5 21. c4 Nd7 22. Rad1 Nb8 23. d5 exd5 24. Rxd5 Rf8 25. Qh5 Rf6 26. Bxf6 gxf6 1-0

[Event "Kolomna City-ch"]
[Site "Kolomna"]
[Date "2008.02.10"]
[Round "11"]
[White "Velikanov, Igor"]
[Black "Borgovich, Anton"]
[Result "1-0"]
[WhiteElo "2248"]
[BlackElo "2046"]
[PlyCount "97"]
[EventDate "2008.01.08"]
[EventType "tourn"]
[EventRounds "15"]
[EventCountry "RUS"]
[SourceTitle "EXT 2009"]
[Source "ChessBase"]
[SourceDate "2008.11.26"]
[SourceVersion "1"]
[SourceVersionDate "2008.11.26"]
[SourceQuality "1"]

1. d4 d5 2. c4 c6 3. Nf3 Nf6 4. e3 e6 5. Bd3 Nbd7 6. Nbd2 Bb4 7. 0-0 0-0 8. e4 dxe4 9. Nxe4 Nxe4 10. Bxe4 f5 11. Bc2 Be7 12. Qe2 Nb6 13. Bf4 Bd7 14. Rfe1 Bf6 15. Rad1 Re8 16. a4 a5 17. b3 Nc8 18. Ne5 Na7 19. Bd2 Nc8 20. Bc3 Nd6 21. Bb2 Nf7 22. Ba3 Be7 23. Bxe7 Qxe7 24. Nxf7 Qxf7 25. Qe5 b6 26. h3 Rac8 27. Qd6 Qe7 28. Qxe7 Rxe7 29. Bxf5 Rf8 30. Bg4 Rfe8 31. Re5 g6 32. h4 h5 33. Bf3 Kh7 34. Rb1 Rc8 35. Rbe1 Rce8 36. Be4 Rf7 37. Rxh5+ Kg7 38. Rg5 Rf6 39. h5 Kh6 40. Rxg6+ Rxg6 41. hxg6 c5 42. dxc5 bxc5 43. Rd1 Re7 44. Rd6 Be8 45. Ra6 Bxg6 46. Bxg6 Kxg6 47. Rxa5 Rd7 48. Rxc5 Rb7 49. Rb5 1-0

[Event "Kolomna City-ch"]
[Site "Kolomna"]
[Date "2008.02.06"]
[Round "10"]
[White "Borgovich, Anton"]
[Black "Ivanov, Yuriy"]
[Result "1-0"]
[WhiteElo "2046"]
[BlackElo "2057"]
[PlyCount "81"]
[EventDate "2008.01.08"]
[EventType "tourn"]
[EventRounds "15"]
[EventCountry "RUS"]
[SourceTitle "EXT 2009"]
[Source "ChessBase"]
[SourceDate "2008.11.26"]
[SourceVersion "1"]
[SourceVersionDate "2008.11.26"]
[SourceQuality "1"]

1. d4 d5 2. c4 c6 3. e3 Bf5 4. Qb3 Qd7 5. cxd5 cxd5 6. Nf3 Nc6 7. Ne5 Nxe5 8. dxe5 a6 9. Nd2 e6 10. Nf3 Bc5 11. Bd2 Ne7 12. Nd4 Bg6 13. Bd3 0-0 14. 0-0 Bxd4 15. exd4 Nc6 16. Be3 Bxd3 17. Qxd3 b5 18. a3 Na5 19. b3 Rfc8 20. Ra2 Rc6 21. Bd2 Nb7 22. h4 Rac8 23. h5 Qe7 24. g3 f6 25. exf6 Qxf6 26. Kg2 Nd6 27. g4 Ne4 28. Be1 Qg5 29. f3 Nd6 30. Re2 Nf7 31. Bd2 Qf6 32. Be1 Rc1 33. Qe3 R8c6 34. Bh4 Qh6 35. g5 Qxh5 36. Rxc1 Rxc1 37. Qxc1 Nd6 38. Qf4 Nf5 39. Qb8+ Kf7 40. Qc7+ Ne7 41. g6+ 1-0

[Event "Kolomna City-ch"]
[Site "Kolomna"]
[Date "2008.01.30"]
[Round "8"]
[White "Beskov, Vladimir Alekseevic"]
[Black "Borgovich, Anton"]
[Result "1-0"]
[WhiteElo "2161"]
[BlackElo "2046"]
[PlyCount "65"]
[EventDate "2008.01.08"]
[EventType "tourn"]
[EventRounds "15"]
[EventCountry "RUS"]
[SourceTitle "EXT 2009"]
[Source "ChessBase"]
[SourceDate "2008.11.26"]
[SourceVersion "1"]
[SourceVersionDate "2008.11.26"]
[SourceQuality "1"]

1. c4 e5 2. Nc3 Nc6 3. g3 f5 4. Bg2 Nf6 5. a3 a5 6. e3 Bc5 7. Nge2 e4 8. d4 exd3 9. Qxd3 Ne5 10. Qxf5 d6 11. Qc2 0-0 12. h3 Qe8 13. Nf4 c6 14. b3 Qf7 15. Bb2 h6 16. 0-0-0 Nfd7 17. Rhf1 g5 18. Nfe2 Nb8 19. Nd4 g4 20. hxg4 Nxg4 21. Ne4 Bxd4 22. Rxd4 d5 23. Nd6 Qe6 24. Nxc8 Rxc8 25. cxd5 cxd5 26. Bxd5 Rxc2+ 27. Kxc2 Qxd5 28. Rxd5 Nc6 29. Rd7 Kf8 30. Rxb7 Rc8 31. Bg7+ Ke8 32. Kb2 Rd8 33. Bc3 1-0

[Event "Kolomna City-ch"]
[Site "Kolomna"]
[Date "2008.01.13"]
[Round "3"]
[White "Borgovich, Anton"]
[Black "Kovpak, Igor"]
[Result "0-1"]
[WhiteElo "2046"]
[BlackElo "2011"]
[PlyCount "94"]
[EventDate "2008.01.08"]
[EventType "tourn"]
[EventRounds "15"]
[EventCountry "RUS"]
[SourceTitle "EXT 2009"]
[Source "ChessBase"]
[SourceDate "2008.11.26"]
[SourceVersion "1"]
[SourceVersionDate "2008.11.26"]
[SourceQuality "1"]

1. Nf3 d5 2. d4 c6 3. c4 Nf6 4. Nc3 dxc4 5. a4 e6 6. e4 Bb4 7. Qc2 b5 8. Bd2 Bxc3 9. bxc3 Nbd7 10. Be2 Bb7 11. e5 Nd5 12. Ng5 Nf8 13. Rb1 Qd7 14. Ne4 a6 15. axb5 cxb5 16. Bxc4 Bc6 17. Bg5 Ng6 18. Nd6+ Kf8 19. Bxd5 Bxd5 20. Ne4 Qc6 21. f3 h6 22. Bd2 Nh4 23. 0-0 Nf5 24. Bc1 Nxd4 25. Ba3+ Kg8 26. Qf2 Nb3 27. Be7 Kh7 28. Qc2 Bxe4 29. fxe4 Nc5 30. Rxf7 Qxe4 31. Qd1 Qg6 32. Qf1 Ne4 33. Qd3 Qxf7 34. Qxe4+ Qg6 35. Qe1 Rhe8 36. Bc5 Rad8 37. Bd4 Rf8 38. h3 Rf5 39. Rb2 Rdf8 40. Rb1 Rf3 41. Kh1 Rf1+ 42. Qxf1 Rxf1+ 43. Rxf1 Qd3 44. Kg1 b4 45. Rf3 Qc4 46. Re3 b3 47. Re1 b2 0-1

[Event "Kolomna-ch sf-B 58th"]
[Site "Kolomna"]
[Date "2007.10.17"]
[Round "3"]
[White "Borgovich, Anton"]
[Black "Nikitin, Victor Alekseevich"]
[Result "1-0"]
[WhiteElo "1987"]
[BlackElo "2054"]
[PlyCount "51"]
[EventDate "2007.10.10"]
[EventType "tourn"]
[EventRounds "9"]
[EventCountry "RUS"]
[SourceTitle "EXT 2022"]
[Source "ChessBase"]
[SourceDate "2021.10.06"]
[SourceVersion "1"]
[SourceVersionDate "2021.10.06"]
[SourceQuality "1"]

1. Nf3 c5 2. c4 d6 3. Nc3 e5 4. e4 Nc6 5. d3 Nf6 6. Bg5 Be7 7. Be2 h6 8. Bxf6 gxf6 9. Nh4 Nd4 10. g4 Bd7 11. h3 Qa5 12. Qd2 b5 13. Nd5 Qxd2+ 14. Kxd2 Bd8 15. Nf3 Nxe2 16. Kxe2 h5 17. a3 a6 18. b4 Be6 19. bxc5 Bxd5 20. exd5 dxc5 21. Nd2 Rb8 22. Ne4 bxc4 23. dxc4 Rb2+ 24. Kd3 0-0 25. Rhb1 Rxb1 26. Rxb1 1-0

[Event "Kolomna"]
[Site "Kolomna"]
[Date "2007.05.17"]
[Round "6"]
[White "Shchegolev, Andrey"]
[Black "Borgovich, Anton"]
[Result "1-0"]
[WhiteElo "2177"]
[BlackElo "1949"]
[PlyCount "79"]
[EventDate "2007.05.12"]
[EventType "tourn"]
[EventRounds "9"]
[EventCountry "RUS"]
[SourceTitle "EXT 2010"]
[Source "ChessBase"]
[SourceDate "2010.11.25"]
[SourceVersion "1"]
[SourceVersionDate "2010.11.25"]
[SourceQuality "1"]

1. c4 e5 2. Nc3 Nf6 3. g3 c6 4. Nf3 e4 5. Nd4 Bc5 6. Nb3 Bb6 7. c5 Bc7 8. Bg2 Qe7 9. Qc2 Na6 10. Nxe4 Nxe4 11. Qxe4 Qxe4 12. Bxe4 d5 13. cxd6 Bxd6 14. 0-0 0-0 15. Bg2 Nb4 16. d3 Bg4 17. f3 Bh5 18. Bd2 a5 19. a3 Nd5 20. Rac1 a4 21. Na5 Ra7 22. e4 Nc7 23. d4 f6 24. Nc4 Be7 25. Be3 Ra6 26. g4 Bf7 27. f4 Bxc4 28. Rxc4 Nb5 29. Rd1 Nd6 30. Rc2 Ra5 31. e5 Nc8 32. d5 fxe5 33. fxe5 cxd5 34. Rxd5 Ra6 35. Rd7 Ra5 36. Bxb7 Rxe5 37. Bd4 Re1+ 38. Kg2 Nd6 39. Bf2 Re5 40. Bg3 1-0